[Event "ICS rated blitz match"]
[Site "207.99.83.227"]
[Date "1999.04.18"]
[Round "?"]
[White "Hossa"]
[Black "inmortal"]
[Result "0-1"]
[WhiteElo "2496"]
[BlackElo "2370"]
[Annotator "Crafty v16.6"]
[PlyCount "148"]

{annotating for player ossa  using a scoring margin of +0.10 pawns.  search
time limit is 10.00} 1. e4 1... e5 2. Nf3 Nc6 3. Bb5 a6 4. Ba4 ({9:-0.15} 4.
Ba4 4... Bc5 5. O-O Nge7 6. c3 O-O 7. d4 Bd6 8. Bg5 $10) ({9:+0.11} 4. Bxc6
4... dxc6 5. Nc3 Qd6 6. d4 exd4 7. Nxd4 c5 8. Nf5 Qxd1+ 9. Kxd1 Ne7 10. Re1 $10
) 4... Nf6 5. Qe2 ({9:-0.22} 5. Qe2 5... b5 6. Bb3 Bd6 7. O-O O-O 8. Nc3 Na5 9.
Bd5 Nxd5 10. Nxd5 $10) ({9:-0.08} 5. O-O 5... b5 6. Bb3 Bc5 7. a4 b4 8. Bd5 Qe7
9. Bxc6 9... dxc6 $10) 5... d6 6. Bxc6+ bxc6 7. d4 exd4 8. e5 dxe5 9. Qxe5+ Qe7
10. Qxe7+ Bxe7 11. Nxd4 c5 12. Nc6 Bd6 13. O-O O-O 14. Re1 Bf5 15. Bg5 Rfe8 16.
Na3 Nd5 17. c3 f6 18. Bd2 Bd3 19. Rad1 c4 20. Nb1 Kf7 21. Kh1 Nb6 22. Be3 Na4
23. Rd2 g5 24. Red1 h6 25. Rg1 Re4 26. Re1 Rae8 27. Red1 f5 28. b3 Bxb1 29.
bxa4 Bd3 30. Rb2 f4 31. Bd2 Re2 32. Nd4 R2e5 33. Rb7 Kf6 34. Kg1 h5 35. Kh1 h4
36. Kg1 c5 37. Nf3 Re2 38. Rb6 R8e6 39. Rxa6 g4 40. Rxd6 Rxd6 41. Bxf4 Rde6 42.
Ne5 R6xe5 43. Bxe5+ Kxe5 44. h3 g3 45. fxg3 hxg3 46. Kh1 Be4 47. Rg1 Rxa2 48.
h4 Rxa4 49. h5 Ra2 50. Re1 Kf4 51. Rg1 Kg4 52. h6 Ra6 53. Re1 Rxh6+ 54. Kg1 Re6
55. Re2 Bd5 56. Rxe6 Bxe6 57. Kf1 Kf4 58. Ke2 Ke4 59. Kd2 Bg4 60. Kc2 Ke3 61.
Kb2 Kf2 62. Ka3 Kxg2 63. Ka4 Kf2 64. Kb5 g2 65. Kxc4 g1=Q 66. Kxc5 Ke3 67. Kb5
Ke4 68. Kc4 Be6+ 69. Kb5 Qb1+ 70. Kc5 Qb3 71. Kd6 Qd5+ 72. Ke7 Kf5 73. Ke8 Qd7+
74. Kf8 Qf7# 0-1

[Event "ICS Rated bullet match"]
[Site "207.99.83.227"]
[Date "1999.04.18"]
[Round "?"]
[White "Hossa"]
[Black "newfisher"]
[Result "1-0"]
[WhiteElo "2420"]
[BlackElo "2044"]
[PlyCount "83"]

1. e4 c6 2. Nc3 d5 3. exd5 cxd5 4. Bb5+ Nc6 5. Nf3 Nf6 6. O-O e6 7. Ne5 Bd7 8.
Nxd7 Qxd7 9. d3 Bd6 10. Bg5 Be7 11. Qf3 O-O 12. Rae1 Qc7 13. Qg3 Qxg3 14. fxg3
a6 15. Ba4 b5 16. Bb3 Bb4 17. Bxf6 gxf6 18. Ra1 f5 19. Nd1 Bd6 20. c3 Na5 21.
Bc2 Rac8 22. Rc1 Kg7 23. Ne3 Bc5 24. d4 Be7 25. Rce1 Nc4 26. Nxc4 bxc4 27. Bxf5
Rb8 28. Rf2 Ba3 29. bxa3 exf5 30. Rxf5 Rb2 31. Rxd5 Rxa2 32. Rg5+ Kf6 33. Rc5
Rxa3 34. Rxc4 Rb8 35. Rf1+ Ke6 36. Rc6+ Kd5 37. Rc5+ Kd6 38. Rxf7 Rb2 39. c4
Raa2 40. Rcf5 Rxg2+ 41. Kf1 Rxh2 42. R5f6# {newfisher checkmated} 1-0

[Event "ICS rated blitz match"]
[Site "207.99.83.227"]
[Date "1999.04.18"]
[Round "?"]
[White "inmortal"]
[Black "Hossa"]
[Result "1-0"]
[WhiteElo "2410"]
[BlackElo "2474"]
[Annotator "Crafty v16.6"]
[PlyCount "71"]

{annotating for player ossa  using a scoring margin of +0.10 pawns.  search
time limit is 10.00} 1. e4 1... c5 2. Nc3 Nc6 3. g3 Nf6 4. Bg2 e5 5. d3 Be7 6.
Be3 O-O 7. h3 Qb6 8. Rb1 Qd8 9. Nge2 d6 10. O-O Be6 11. f4 Qc8 ({8:-0.11} 11...
Qc8 12. f5 Bd7 13. Qd2 Qd8 14. Rbe1 Nd4 15. Nxd4 15... cxd4 $10) ({8:+0.00} 
11... exf4 12. Nxf4 Qd7 13. Nxe6 Qxe6 14. Nb5 Qxa2 15. c4 Rae8 16. Rf5 $10) 12.
f5 Bd7 13. g4 Bd8 14. Ng3 Nd4 15. g5 Ne8 16. Nd5 Nc7 17. Nxc7 Qxc7 18. c3 Nc6
19. Qh5 Qa5 20. a3 Qb5 21. c4 Qb3 22. Rbd1 Qxb2 23. f6 gxf6 24. gxf6 Kh8 25.
Bh6 Bxh3 26. Bxh3 Qd4+ 27. Kh2 Qb2+ 28. Rd2 Qc3 29. Rg2 Bxf6 30. Rxf6 Rg8 31.
Rxf7 Rg6 32. Bf5 Ne7 33. Bxg6 hxg6 34. Qg5 Qxd3 35. Qf6+ Kg8 36. Qg7# 1-0

[Event "ICS rated blitz match"]
[Site "207.99.83.227"]
[Date "1999.04.18"]
[Round "?"]
[White "blunite"]
[Black "Hossa"]
[Result "0-1"]
[WhiteElo "2270"]
[BlackElo "2455"]
[PlyCount "60"]

1. e4 e5 2. Nf3 Nc6 3. Bc4 Bc5 4. Nc3 Nf6 5. a3 O-O 6. d3 d6 7. h3 Bd4 8. Ne2
Be6 9. Bxe6 fxe6 10. c3 Bb6 11. Qb3 d5 12. Ng3 Qe7 13. O-O Kh8 14. Qc2 Rae8 15.
Bd2 Qf7 16. Rad1 Qg6 17. Kh2 Re7 18. Bc1 Nh5 19. Nxh5 Qxh5 20. Qe2 Ref7 21. Ng1
Qxe2 22. Nxe2 Rxf2 23. Rxf2 Rxf2 24. Re1 h6 25. Kg3 Rf6 26. Kh2 Na5 27. d4 exd4
28. exd5 Nb3 29. cxd4 exd5 30. Nc3 30... c6 {blunite resigns} 0-1

[Event "ICS rated bullet match"]
[Site "207.99.83.227"]
[Date "1999.04.18"]
[Round "?"]
[White "prili"]
[Black "Hossa"]
[Result "0-1"]
[WhiteElo "1979"]
[BlackElo "2423"]
[PlyCount "62"]

1. e3 Nc6 2. b3 e5 3. Bb2 d5 4. Bb5 e4 5. Bxc6+ bxc6 6. Ne2 Qg5 7. O-O Bg4 8.
Qe1 Bd6 9. Kh1 Bxh2 10. Kxh2 Nf6 11. Kg1 Nh5 12. Ng3 Nxg3 13. fxg3 O-O 14. Qf2
Qh5 15. Nc3 Rfe8 16. Rae1 Re5 17. Ne2 Rg5 18. Nf4 Qh6 19. Nh3 Rf5 20. Qxf5 Bxf5
21. Rxf5 Rf8 22. Ref1 Qd6 23. Kh2 f6 24. Nf4 Rf7 25. Nh5 Qb4 26. Bc3 Qa3 27.
Nxf6+ gxf6 28. Bxf6 Qxa2 29. Rg5+ Kf8 30. Rh5 Qxc2 31. Rxh7 31... Rxh7+ {
prili resigns} 0-1

[Event "ICS rated bullet match"]
[Site "207.99.83.227"]
[Date "1999.04.18"]
[Round "?"]
[White "prili"]
[Black "Hossa"]
[Result "0-1"]
[WhiteElo "1975"]
[BlackElo "2427"]
[PlyCount "94"]

1. Nf3 Nf6 2. b3 d5 3. Bb2 Bg4 4. e3 Nc6 5. Bb5 Qd6 6. O-O O-O-O 7. h3 Bxf3 8.
Qxf3 Ne5 9. Qg3 Ned7 10. Qxd6 exd6 11. Bxd7+ Nxd7 12. d3 Re8 13. Nd2 Kb8 14.
Rae1 Nc5 15. Nf3 Ka8 16. Ng5 Be7 17. Nf3 Rhg8 18. Nd2 g5 19. e4 g4 20. exd5
gxh3 21. g3 Na6 22. a3 Nc5 23. Kh2 Nd7 24. Nf3 Nb6 25. c4 Nd7 26. Re2 Nc5 27.
Rfe1 Nxd3 28. Rxe7 Rxe7 29. Rxe7 Nxb2 30. Rxf7 Nd3 31. Nd4 Kb8 32. Kxh3 h5 33.
Kg2 h4 34. Rh7 hxg3 35. fxg3 a5 36. Rf7 a4 37. bxa4 Ne5 38. Rh7 Nxc4 39. Ne6
Ne3+ 40. Kf3 Nxd5 41. g4 Rg6 42. Nf4 Rf6 43. Rh8+ Ka7 44. g5 Rxf4+ 45. Kg3 Rxa4
46. g6 Ne7 47. g7 47... Nf5+ {prili resigns} 0-1

[Event "ICS rated bullet match"]
[Site "207.99.83.227"]
[Date "1999.04.18"]
[Round "?"]
[White "Hossa"]
[Black "prili"]
[Result "1-0"]
[WhiteElo "2429"]
[BlackElo "1973"]
[PlyCount "43"]

1. e4 c6 2. Nc3 d5 3. exd5 cxd5 4. Bb5+ Nc6 5. Nf3 Nf6 6. O-O Bg4 7. Bxc6+ bxc6
8. d4 e6 9. Qd3 Bxf3 10. Qxf3 Be7 11. Qg3 O-O 12. Bh6 Nh5 13. Qg4 Kh8 14. Qxh5
gxh6 15. Ne2 Rg8 16. Qxf7 Rg6 17. Rae1 Qd7 18. Qf3 Rf8 19. Qh3 Rfg8 20. Ng3 Bd6
21. Kh1 e5 22. Qxd7 {prili resigns} 1-0

[Event "ICS rated blitz match"]
[Site "207.99.83.227"]
[Date "1999.04.18"]
[Round "?"]
[White "Hossa"]
[Black "zugswang7"]
[Result "1-0"]
[WhiteElo "2463"]
[BlackElo "2134"]
[PlyCount "51"]

1. e4 e6 2. Nf3 c5 3. Be2 Nf6 4. e5 Nd5 5. d3 Nc6 6. c4 Nb6 7. O-O Qc7 8. a4 a5
9. d4 cxd4 10. Nxd4 Nxe5 11. Nb5 Qb8 12. Qd4 Ra6 13. Bf4 d6 14. c5 Nd5 15.
Nxd6+ Bxd6 16. cxd6 Nxf4 17. Bxa6 f6 18. Bb5+ Kf7 19. Qxf4 Qxd6 20. Nc3 b6 21.
Rad1 Qc5 22. Ne4 Qc2 23. Rc1 Qxb2 24. Nd6+ Ke7 25. Nxc8+ Rxc8 26. Rxc8 {
zugswang7 resigns} 1-0

[Event "ICS rated blitz match"]
[Site "207.99.83.227"]
[Date "1999.04.18"]
[Round "?"]
[White "blunite"]
[Black "Hossa"]
[Result "1/2-1/2"]
[WhiteElo "2231"]
[BlackElo "2467"]
[PlyCount "94"]

1. e4 c5 2. Nf3 Nc6 3. Nc3 Nh6 4. d4 cxd4 5. Nxd4 g6 6. Be3 Bg7 7. Bc4 O-O 8.
Bb3 d6 9. f3 Nxd4 10. Bxd4 e5 11. Be3 Qh4+ 12. Bf2 Qg5 13. Rg1 a5 14. Qd2 Qxd2+
15. Kxd2 Be6 16. Ke2 Bxb3 17. axb3 f5 18. h3 fxe4 19. fxe4 Ra6 20. Be3 Nf7 21.
Rgd1 b6 22. Rd5 Bf6 23. Rb5 Rb8 24. Nd5 Bd8 25. b4 Rc8 26. c3 Rc6 27. Kd3 a4
28. c4 Ng5 29. Bxg5 Bxg5 30. Nc3 Ra8 31. Nxa4 Bc1 32. b3 Bb2 33. Rf1 Bd4 34. g4
h5 35. gxh5 gxh5 36. Rf5 Rf8 37. Rxf8+ Kxf8 38. Rd5 Rc7 39. Nc3 Rf7 40. Nb5
Rf3+ 41. Kc2 Rxh3 42. Rxd6 Ke7 43. Rh6 Rh2+ 44. Kd3 Rh3+ 45. Kc2 Rh2+ 46. Kd3
Rh3+ 47. Kc2 47... Rh2+ {Game drawn by repetition} 1/2-1/2

[Event "ICS rated blitz match"]
[Site "207.99.83.227"]
[Date "1999.04.18"]
[Round "?"]
[White "Hossa"]
[Black "Malanga"]
[Result "1-0"]
[WhiteElo "2468"]
[BlackElo "2083"]
[PlyCount "121"]

1. e4 e6 2. Nf3 d5 3. e5 c5 4. Bb5+ Bd7 5. Bxd7+ Qxd7 6. O-O Nc6 7. d3 Nge7 8.
Bd2 Ng6 9. Qe2 Qc7 10. Re1 Be7 11. c3 O-O 12. Na3 a6 13. Nc2 b5 14. d4 Rac8 15.
Kh1 cxd4 16. Ncxd4 Nxd4 17. Nxd4 Bc5 18. Rac1 Bxd4 19. cxd4 Qa7 20. Bb4 Rfd8
21. Bc5 Qb7 22. Qh5 b4 23. Re3 h6 24. Rg3 a5 25. Rg4 Qb5 26. Rg1 Rxc5 27. dxc5
Qxc5 28. Rxg6 fxg6 29. Qxg6 Qe7 30. Rc1 d4 31. Kg1 d3 32. Rd1 d2 33. Qc2 Qg5
34. Qc7 Kh7 35. Qxa5 Rd5 36. Qxb4 Qxe5 37. f3 Qe3+ 38. Kf1 Qd3+ 39. Kf2 Rd4 40.
Qc3 Qxc3 41. bxc3 Rd3 42. a4 Rxc3 43. Rxd2 Ra3 44. Rd4 Kg6 45. Rg4+ Kf6 46.
Rf4+ Ke5 47. Kg3 g5 48. Rb4 h5 49. Rb5+ Kf6 50. a5 e5 51. h4 g4 52. Rd5 gxf3
53. gxf3 e4 54. Rxh5 Rxf3+ 55. Kg4 Ra3 56. Rf5+ Kg6 57. h5+ Kg7 58. Kg5 e3 59.
h6+ Kh7 60. Rf7+ Kg8 61. Kg6 {Malanga resigns} 1-0

[Event "ICS Rated blitz match"]
[Site "207.99.83.227"]
[Date "1999.04.18"]
[Round "?"]
[White "Malanga"]
[Black "Hossa"]
[Result "1-0"]
[WhiteElo "2080"]
[BlackElo "2471"]
[Annotator "Crafty v16.6"]
[PlyCount "88"]

{annotating for player ossa  using a scoring margin of +0.10 pawns.  search
time limit is 10.00} 1. e4 1... c5 2. Nf3 Nc6 3. Nc3 Nh6 4. d4 cxd4 5. Nxd4 g6
6. Be3 Bg7 7. f3 Nxd4 ({7:-0.45} 7... Nxd4 8. Bxd4 Bxd4 9. Qxd4 O-O 10. O-O-O
Qc7 11. Qe3 11... Kg7 $14) ({7:-0.32} 7... Qa5 8. Ndb5 a6 9. Qd2 Ng8 10. Nd4
10... Qb4 $14) 8. Bxd4 e5 ({9:-1.28} 8... e5 9. Bc5 Qh4+ 10. g3 Qf6 11. Nb5 Qc6
12. Qd6 Qxd6 13. Nxd6+ 13... Kd8 $16) ({9:-0.84} 8... Bxd4 9. Qxd4 O-O 10.
O-O-O Qc7 11. Nd5 Qd6 12. Qe3 Kg7 13. Qg5 $16) 9. Bc5 a6 ({8:-4.20} 9... a6 10.
Nd5 Nf5 11. exf5 gxf5 12. Nb6 Bf8 13. Nxa8 13... Bxc5 $18) ({8:-1.90} 9... b6
10. Bd6 Bb7 11. Nb5 Rc8 12. Nxa7 Ra8 13. Nb5 $18) 10. Nd5 Ng4 ({8:-6.09} 10...
Ng4 11. fxg4 d6 12. Bb6 Qh4+ 13. g3 Bxg4 14. gxh4 Bxd1 15. Kxd1 $18) ({8:-5.32
} 10... Rb8 11. Bb6 Qg5 12. Nc7+ Kf8 13. Bc5+ Kg8 14. Ba7 d5 15. Bxb8 dxe4 16.
fxe4 $18) 11. fxg4 d6 12. Bb6 Qh4+ 13. g3 Qxg4 14. Nc7+ Ke7 15. Qxg4 Bxg4 16.
Nxa8 Rxa8 17. Be2 Bxe2 18. Kxe2 f5 19. Rad1 Rc8 20. c3 fxe4 21. Ke3 Rc6 22. Ba5
Rc4 23. Bb4 Bh6+ 24. Ke2 Rxb4 25. cxb4 Ke6 26. Rc1 Bxc1 27. Rxc1 d5 28. Rc7 d4
29. Rxb7 Kf5 30. h3 h5 31. Rf7+ Kg5 32. a4 h4 33. g4 Kh6 34. b5 d3+ 35. Ke3
axb5 36. axb5 g5 37. b6 Kg6 38. Rf5 Kh6 39. b7 d2 40. Kxd2 Kg6 41. b8=Q e3+ 42.
Kxe3 Kg7 43. Qc7+ Kg6 44. Qf7+ Kh6 1-0

[Event "ICS rated blitz match"]
[Site "207.99.83.227"]
[Date "1999.04.18"]
[Round "?"]
[White "Hossa"]
[Black "Malanga"]
[Result "1-0"]
[WhiteElo "2442"]
[BlackElo "2125"]
[PlyCount "81"]

1. e4 e6 2. Nf3 d5 3. exd5 exd5 4. Bb5+ Bd7 5. Bxd7+ Qxd7 6. Ne5 Qe6 7. O-O Be7
8. Re1 Qf5 9. Qe2 Nd7 10. Qb5 O-O-O 11. Qxd5 Nxe5 12. Qxe5 Qxe5 13. Rxe5 Bf6
14. Re1 Nh6 15. Nc3 Rhe8 16. Ne4 Nf5 17. c3 Rd3 18. g4 Nh4 19. Nd6+ cxd6 20.
Rxe8+ Kd7 21. Ra8 Be5 22. Rxa7 Rh3 23. Rxb7+ Ke6 24. Rb1 Rxh2 25. Kf1 Bf4 26.
Rb8 Ng6 27. Rg8 Bh6 28. Kg1 Rh3 29. d4 Bf4 30. Rxg7 Bxc1 31. Rxc1 Rh4 32. f3
Rh3 33. Rf1 Nf4 34. a4 Rg3+ 35. Kf2 Rg2+ 36. Ke3 Nd5+ 37. Kd3 Rxb2 38. Rxh7 Ra2
39. Re1+ Kf6 40. Rh6+ Kg5 41. Rh5+ {Malanga resigns} 1-0

[Event "ICS rated blitz match"]
[Site "207.99.83.227"]
[Date "1999.04.18"]
[Round "?"]
[White "Malanga"]
[Black "Hossa"]
[Result "0-1"]
[WhiteElo "2121"]
[BlackElo "2446"]
[PlyCount "80"]

1. e4 d6 2. d4 c5 3. d5 Nf6 4. Nc3 e5 5. Nf3 Be7 6. Bb5+ Bd7 7. a4 Qa5 8. Bd2
Bxb5 9. axb5 Qb6 10. Bg5 O-O 11. Nd2 Nbd7 12. Nc4 Qc7 13. O-O Nb6 14. Nxb6 Qxb6
15. Qd3 Qd8 16. Bxf6 Bxf6 17. b3 Bg5 18. Na4 Bf4 19. g3 Bg5 20. Nb2 g6 21. Nc4
f5 22. f3 f4 23. Ra2 fxg3 24. hxg3 Qd7 25. Kg2 Be7 26. Rfa1 Qxb5 27. Nxe5 Qe8
28. Nc4 b5 29. Na3 Rb8 30. c4 a6 31. Nc2 bxc4 32. bxc4 Bf6 33. Rf1 Rb6 34. Ne3
Qb8 35. Ra3 Bb2 36. Ra2 Rb3 37. Qe2 Qb7 38. Rf2 Bd4 39. Ng4 Bxf2 40. Qxf2 40...
Rfxf3 {Malanga resigns} 0-1

[Event "ICS rated blitz match"]
[Site "207.99.83.227"]
[Date "1999.04.18"]
[Round "?"]
[White "Malanga"]
[Black "Hossa"]
[Result "0-1"]
[WhiteElo "2113"]
[BlackElo "2454"]
[PlyCount "75"]

1. e4 e5 2. Nf3 Nc6 3. Bc4 Bc5 4. c3 Qe7 5. d3 Nf6 6. b4 Bb6 7. Nbd2 d6 8. Bb3
Bg4 9. Nc4 O-O 10. Ne3 Bxf3 11. Qxf3 a5 12. b5 Bxe3 13. Bxe3 Na7 14. a4 Qd7 15.
Bg5 Qg4 16. Bxf6 Qxf3 17. gxf3 gxf6 18. Rg1+ Kh8 19. Rg3 f5 20. exf5 c6 21. Ke2
cxb5 22. axb5 Nxb5 23. Kd2 Nc7 24. Rag1 a4 25. Ba2 d5 26. d4 exd4 27. cxd4 Rac8
28. Rc1 b5 29. Rc5 Rfd8 30. h4 b4 31. Ra5 Ra8 32. Rc5 Ra7 33. Rg1 b3 34. Bxb3
axb3 35. Rb1 Rb8 36. f6 Ra2+ 37. Ke3 Re8+ 38. Kf4 {Malanga resigns} 0-1

[Event "ICS rated blitz match"]
[Site "207.99.83.227"]
[Date "1999.04.18"]
[Round "?"]
[White "Hossa"]
[Black "lunarlander"]
[Result "1-0"]
[WhiteElo "2458"]
[BlackElo "2110"]
[PlyCount "27"]

1. e4 c6 2. Nc3 d5 3. exd5 cxd5 4. Bb5+ Bd7 5. Bxd7+ Qxd7 6. Nf3 Nc6 7. d3 Nf6
8. Bg5 Qf5 9. Bxf6 gxf6 10. Qe2 e6 11. O-O-O Bb4 12. Nb5 O-O-O 13. Qe3 Kb8 14.
Nfd4 {lunarlander resigns} 1-0

[Event "ICS rated blitz match"]
[Site "207.99.83.227"]
[Date "1999.04.18"]
[Round "?"]
[White "lunarlander"]
[Black "Hossa"]
[Result "0-1"]
[WhiteElo "2106"]
[BlackElo "2462"]
[PlyCount "36"]

1. e4 d6 2. d4 Nf6 3. Nc3 Nbd7 4. Nf3 e5 5. dxe5 dxe5 6. Bc4 Bb4 7. O-O Bxc3 8.
bxc3 Qe7 9. Qe2 O-O 10. a4 Nb6 11. Ba3 c5 12. a5 Nxc4 13. Qxc4 Nd7 14. Rad1 b6
15. Rd2 Nf6 16. Nh4 Be6 17. Qa4 b5 18. Qxb5 18... Nxe4 {lunarlander resigns}
0-1

[Event "ICS rated blitz match"]
[Site "207.99.83.227"]
[Date "1999.04.18"]
[Round "?"]
[White "Hossa"]
[Black "lunarlander"]
[Result "1-0"]
[WhiteElo "2466"]
[BlackElo "2102"]
[PlyCount "65"]

1. e4 c6 2. Nc3 d5 3. exd5 cxd5 4. Bb5+ Bd7 5. Bxd7+ Qxd7 6. Nf3 Nf6 7. d3 e6
8. Bg5 Be7 9. O-O Nc6 10. Qd2 O-O 11. Qf4 Rac8 12. Rae1 a6 13. Kh1 Qc7 14. Qh4
b5 15. d4 Qd8 16. Ne5 Re8 17. Nxc6 Rxc6 18. a3 Nd7 19. Bxe7 Qxe7 20. Qxe7 Rxe7
21. Nxd5 Re8 22. c3 Kf8 23. Nb4 Rb6 24. f4 Nf6 25. Nd3 Nd5 26. f5 exf5 27.
Rxe8+ Kxe8 28. Rxf5 Rd6 29. Nc5 Ne7 30. Re5 f6 31. Re6 Rxe6 32. Nxe6 Kf7 33.
Nc7 {lunarlander resigns} 1-0

[Event "ICS rated blitz match"]
[Site "207.99.83.227"]
[Date "1999.04.18"]
[Round "?"]
[White "lunarlander"]
[Black "Hossa"]
[Result "0-1"]
[WhiteElo "2098"]
[BlackElo "2470"]
[PlyCount "31"]

1. e4 c5 2. Nf3 Nc6 3. Bb5 a6 4. Bxc6 dxc6 5. h3 Nf6 6. d3 e6 7. O-O Be7 8. b3
Nd7 9. Bb2 O-O 10. Nbd2 Kh8 11. Qe2 Bd6 12. Nc4 Bc7 13. Nfd2 b5 14. Ne3 Qh4 15.
Nf3 Qh5 16. Nd2 {lunarlander resigns} 0-1

[Event "ICS rated blitz match"]
[Site "207.99.83.227"]
[Date "1999.04.18"]
[Round "?"]
[White "Hossa"]
[Black "lunarlander"]
[Result "1/2-1/2"]
[WhiteElo "2473"]
[BlackElo "2095"]
[PlyCount "103"]

1. e4 c6 2. Nc3 d5 3. exd5 cxd5 4. Bb5+ Bd7 5. Bxd7+ Qxd7 6. Nf3 e6 7. O-O Nc6
8. d3 Be7 9. d4 Rc8 10. Bf4 a6 11. Re1 Nf6 12. Ne5 Qd8 13. Nxc6 Rxc6 14. a3 O-O
15. Kh1 b5 16. Qf3 Qd7 17. Be5 Rfc8 18. Qf4 Ne8 19. Qg4 Bf6 20. Bxf6 Nxf6 21.
Qh4 Qb7 22. Re3 a5 23. Rg3 Kh8 24. Qg5 Ne8 25. Rh3 b4 26. axb4 axb4 27. Na4
Rxc2 28. Nc5 Qc7 29. Nd3 b3 30. Rd1 Qd8 31. Qh5 Nf6 32. Qxf7 Qe8 33. Qxe8+ Rxe8
34. Re1 Ne4 35. Rhe3 Nxf2+ 36. Nxf2 Rxf2 37. Rxb3 Rd2 38. Rb4 Kg8 39. h4 h6 40.
h5 Rf8 41. Rxe6 Rff2 42. Re8+ Kf7 43. Re5 Rxg2 44. Rb7+ Kf6 45. Rb6+ Kf7 46.
Rxd5 Rh2+ 47. Kg1 Rhg2+ 48. Kf1 Rgf2+ 49. Kg1 Rg2+ 50. Kf1 Rgf2+ 51. Kg1 Rg2+
52. Kf1 {Game drawn by repetition} 1/2-1/2

[Event "ICS rated blitz match"]
[Site "207.99.83.227"]
[Date "1999.04.18"]
[Round "?"]
[White "lunarlander"]
[Black "Hossa"]
[Result "0-1"]
[WhiteElo "2108"]
[BlackElo "2460"]
[PlyCount "58"]

1. e4 c5 2. d4 cxd4 3. c3 dxc3 4. Nxc3 e6 5. Nf3 Bc5 6. Bc4 Ne7 7. O-O d6 8. a3
O-O 9. b4 Bb6 10. Bf4 Bc7 11. Qe2 Ng6 12. Bg3 a5 13. b5 Nd7 14. Rfd1 Nb6 15.
Ba2 Qe7 16. a4 f5 17. exf5 Rxf5 18. Rac1 Nf4 19. Qe3 d5 20. Ne2 Nxe2+ 21. Qxe2
Bxg3 22. hxg3 Qf6 23. Re1 Nxa4 24. Ne5 Nb6 25. Rc7 Qd8 26. Rec1 Nc4 27. R1xc4
dxc4 28. b6 Qd4 29. Bxc4 29... Qxe5 {lunarlander resigns} 0-1

[Event "ICS rated blitz match"]
[Site "207.99.83.227"]
[Date "1999.04.18"]
[Round "?"]
[White "Hossa"]
[Black "lunarlander"]
[Result "1/2-1/2"]
[WhiteElo "2464"]
[BlackElo "2104"]
[PlyCount "113"]

1. e4 e6 2. Nf3 d5 3. Nc3 dxe4 4. Nxe4 Nd7 5. d4 Ngf6 6. Bd3 Be7 7. Nxf6+ Bxf6
8. O-O c5 9. c3 cxd4 10. cxd4 O-O 11. Qc2 g6 12. Bf4 Nb6 13. Bc7 Qd7 14. Bxb6
axb6 15. Qe2 Qd8 16. Rfd1 Bd7 17. Ne5 Bc6 18. Bc4 Bd5 19. Re1 Qd6 20. Kh1 Rac8
21. Rac1 Rfd8 22. Bxd5 Qxd5 23. Rxc8 Rxc8 24. a3 Bxe5 25. dxe5 Rd8 26. Rf1 Qd2
27. Qb5 Qd4 28. f4 Kg7 29. Qb3 Rd5 30. Qc2 b5 31. Qc1 Rc5 32. Qb1 Qd2 33. b3
Rc2 34. Rg1 Rb2 35. Qe4 Rxb3 36. Qxb7 Qxf4 37. Rd1 Qxe5 38. Qe7 Rd3 39. Rf1 Qf4
40. Kg1 Qe3+ 41. Kh1 Qf4 42. Kg1 Qd4+ 43. Kh1 Qf2 44. Rg1 Re3 45. Qc5 h6 46.
Qd4+ Kh7 47. Qc5 Re2 48. Qb4 h5 49. h3 h4 50. Qxb5 Re1 51. Rxe1 Qxe1+ 52. Kh2
Qg3+ 53. Kh1 Qe1+ 54. Kh2 Qg3+ 55. Kh1 Qe1+ 56. Kh2 Qg3+ 57. Kh1 {
Game drawn by repetition} 1/2-1/2

[Event "ICS rated blitz match"]
[Site "207.99.83.227"]
[Date "1999.04.18"]
[Round "?"]
[White "lunarlander"]
[Black "Hossa"]
[Result "1/2-1/2"]
[WhiteElo "2116"]
[BlackElo "2452"]
[PlyCount "176"]

1. e4 d6 2. d4 Nf6 3. Nc3 Nbd7 4. Nf3 e5 5. Be2 Be7 6. O-O O-O 7. Re1 c5 8.
dxe5 dxe5 9. Nd2 b6 10. Bg4 Bb7 11. Bxd7 Qxd7 12. f3 Qd4+ 13. Kh1 Rad8 14. Qe2
Qd7 15. Nf1 Kh8 16. Be3 Bd6 17. Rad1 Qe6 18. Bg1 Rd7 19. Ne3 Rfd8 20. Ned5 Bb8
21. Nxf6 Qxf6 22. Rxd7 Rxd7 23. Rd1 Rxd1 24. Qxd1 Bc6 25. Nd5 Qh4 26. c4 Be8
27. b3 Qg5 28. Be3 Qg6 29. Qe1 Bd6 30. Qg3 Qxg3 31. hxg3 Bc6 32. g4 h6 33. a4
Bd7 34. Kg1 Be6 35. Kf2 Kh7 36. Ke2 Kg6 37. Kd3 f6 38. Bd2 Bd7 39. Be3 Bc6 40.
Kc3 Kh7 41. Kc2 Be8 42. Kd1 Bf7 43. Bd2 Be6 44. Ke1 Bd7 45. Kf1 Bc6 46. Kg1 Kg6
47. Bc1 Bb7 48. Kh2 Bc8 49. Kh1 Bd7 50. Kg1 Be6 51. Kf1 Kh7 52. Ke2 Kg8 53. Bb2
Bd7 54. Bc3 Bc6 55. Ke3 Kf8 56. Kf2 Kf7 57. Ke2 Ke6 58. Kf1 Kd7 59. Bd2 Kd8 60.
Ke2 Kc8 61. Kd3 Kb7 62. Kc2 Ka6 63. Kb2 Bb7 64. Be1 Bc8 65. Bf2 Be6 66. Be1 Kb7
67. Bd2 Kc8 68. Kc1 Kd7 69. Kd1 Ke8 70. Ke1 Kf8 71. Kf1 Kf7 72. Kf2 Bd7 73. Kf1
Kg6 74. Ke1 Bc6 75. Be3 Kh7 76. Kd2 Kg8 77. Kd1 Kh8 78. Bc1 Kh7 79. Ke1 Be8 80.
Kf1 Kg8 81. Kg1 Bc6 82. Kh1 Kh7 83. Kg1 Bd7 84. Be3 Be6 85. Kf1 Kh8 86. Ke1 Bf7
87. Bd2 Be6 88. Kf1 88... Kh7 {Game drawn by the 50 move rule} 1/2-1/2

[Event "ICS rated blitz match"]
[Site "207.99.83.227"]
[Date "1999.04.18"]
[Round "?"]
[White "Hossa"]
[Black "lunarlander"]
[Result "1-0"]
[WhiteElo "2440"]
[BlackElo "2128"]
[PlyCount "93"]

1. e4 c6 2. Nc3 d5 3. exd5 cxd5 4. Bb5+ Bd7 5. Bxd7+ Qxd7 6. Nf3 e6 7. O-O Nc6
8. d3 Be7 9. d4 Rc8 10. Bf4 Nf6 11. Ne5 Qd8 12. Nxc6 Rxc6 13. Ne2 O-O 14. Kh1
Qc8 15. c3 a6 16. Qd3 b5 17. Qg3 Kh8 18. Qg5 Qb7 19. Rac1 a5 20. Be5 Rfc8 21.
Nf4 Ne8 22. Qh5 Kg8 23. Nd3 b4 24. cxb4 Rxc1 25. Rxc1 Rxc1+ 26. Nxc1 axb4 27.
Bf4 Qc6 28. Qd1 Qc4 29. Be5 Nd6 30. Nb3 Nb5 31. Kg1 f6 32. Bg3 g6 33. h4 Kf7
34. h5 Bd8 35. Bf4 Bb6 36. Be3 Nd6 37. h6 Nf5 38. g4 Nd6 39. f4 Nb5 40. g5 f5
41. Kh1 Ke7 42. Kh2 Kf7 43. Bf2 Ke7 44. Kg1 Kf7 45. Qd2 Ke7 46. Qe3 Bc7 47. Nc5
{lunarlander resigns} 1-0

[Event "ICS rated blitz match"]
[Site "207.99.83.227"]
[Date "1999.04.18"]
[Round "?"]
[White "Grok"]
[Black "Hossa"]
[Result "0-1"]
[WhiteElo "2373"]
[BlackElo "2445"]
[PlyCount "208"]

1. e4 d6 2. d4 Nf6 3. Nc3 Nbd7 4. Nf3 e5 5. Be3 Be7 6. Bb5 O-O 7. O-O c6 8. Bd3
exd4 9. Bxd4 Qc7 10. Be3 Nc5 11. Bxc5 dxc5 12. Qe2 Bg4 13. h3 Bh5 14. g4 Nxg4
15. hxg4 Bxg4 16. Qe3 Rad8 17. Rfd1 Bf6 18. Be2 Qb6 19. b3 Rde8 20. Rd3 Qa5 21.
Rad1 Qb4 22. Nd2 Bxc3 23. Bxg4 Bxd2 24. Qxd2 Qxe4 25. Bf3 Qf5 26. Qa5 a6 27.
Qc7 Qg5+ 28. Qg3 Qf6 29. a4 Qf5 30. c4 Kh8 31. Rd7 Re1+ 32. Rxe1 Qxd7 33. Qg5
Re8 34. Rd1 Qe6 35. Qxc5 Qg6+ 36. Kh2 Qf6 37. Bg2 Qf4+ 38. Kg1 Qg4 39. Qd6 h5
40. Qd3 h4 41. Qf3 Qxf3 42. Bxf3 Re7 43. Rd8+ Kh7 44. Kg2 f5 45. Ra8 g5 46. Ra7
Rg7 47. c5 h3+ 48. Kg3 g4 49. Be2 Kh6 50. Bd3 Kg6 51. Kf4 Rf7 52. Ra8 Kg7 53.
Re8 Rf8 54. Re7+ Kg6 55. Re6+ Kh5 56. Bxf5 h2 57. Re1 Kh4 58. a5 Kh3 59. Kg5
Kg2 60. Kxg4 Rg8+ 61. Kf4 Rf8 62. b4 h1=Q 63. Rxh1 Kxh1 64. Ke5 Kg2 65. f4 Kg3
66. Ke4 Re8+ 67. Kd4 Kxf4 68. Bd3 Re1 69. Bc4 Re4+ 70. Kc3 Ke5 71. Kd3 Rf4 72.
Kc3 Rf3+ 73. Kd2 Kd4 74. Ke2 Ra3 75. Bf7 Ra4 76. b5 axb5 77. Bb3 Rxa5 78. Be6
Kxc5 79. Ke3 Ra3+ 80. Kd2 b4 81. Kc2 b5 82. Kb2 Kd6 83. Bf5 c5 84. Be4 Re3 85.
Bf5 c4 86. Kc2 b3+ 87. Kd2 Re5 88. Bg6 b4 89. Kc1 Re2 90. Kd1 Rg2 91. Be4 b2
92. Bb1 Rg1+ 93. Kc2 Rxb1 94. Kxb1 c3 95. Kc2 b1=Q+ 96. Kxb1 b3 97. Kc1 Ke5 98.
Kb1 b2 99. Kc2 Kd4 100. Kb1 Kd3 101. Ka2 Kc2 102. Ka3 b1=Q 103. Ka4 Qb6 104.
Ka3 104... Qb3# {Grok checkmated} 0-1